Statistics for Countries Losing Most Population since 2000

Click here to take the quiz!

General Stats

  • This quiz has been taken 14 times
  • The average score is 11 of 15

Answer Stats

Population LostCountry% Correct
564,609Russia
100%
504,297Belarus
92%
1,482,455Bulgaria
83%
3,631,487Japan
83%
22,406,943Ukraine
83%
434,416Greece
75%
618,000Hungary
75%
2,542,393Romania
75%
367,269Serbia
75%
968,501Bosnia and Herzegovina
67%
551,503Latvia
67%
881,284Lithuania
67%
815,641Moldova
67%
388,518Georgia
58%
443,029Armenia
50%

Score Distribution

Percentile by Number Answered

Percent of People with Each Score

Your Score History

You have not taken this quiz